[Event "98th DEN-ch"]
[Site "Svendborg DEN"]
[Date "2019.04.13"]
[Round "1"]
[White "Chatalbashev, Boris"]
[Black "Olsen, Filip Boe"]
[WhiteElo "2521"]
[BlackElo "2414"]
[Result "1/2-1/2"]
[EventDate "2019.04.13"]
[PlyCount "131"]

1. Nf3 d5 2. g3 Nf6 3. Bg2 e6 4. O-O Be7 5. d3 O-O 6. Nbd2 c5 7. e4 Nc6 8. Re1
d4 9. a4 b6 10. Nc4 Bb7 11. Bf4 a6 12. h4 b5 13. Nce5 Nxe5 14. Nxe5 Bd6 15.
Nxf7 Rxf7 16. Bxd6 Qxd6 17. e5 Qc7 18. Bxb7 Qxb7 19. exf6 Rxf6 20. axb5 axb5
21. Rxa8+ Qxa8 22. Re5 Qf8 23. Qe2 Qd6 24. Qe4 g6 25. h5 Kg7 26. hxg6 hxg6 27.
f4 Qc7 28. Rxe6 Rxe6 29. Qxe6 Qa5 30. Qe2 Qa1+ 31. Kg2 Qxb2 32. Qe7+ Kh6 33.
Qf8+ Kh7 34. Qe7+ Kh6 35. Qf8+ Kh7 36. Qxc5 Qc1 37. Qe7+ Kh6 38. Qf8+ Kh7 39.
Qe7+ Kh6 40. Qe2 b4 41. Qf2 Qd1 42. Qxd4 Qxc2+ 43. Kh3 Qc8+ 44. g4 Qa8 45. Kg3
Qe8 46. Kf3 Qa8+ 47. Kg3 Qe8 48. Kf3 Qa8+ 49. Ke3 b3 50. g5+ Kh5 51. f5 Qg2 52.
fxg6 Qxg5+ 53. Ke2 b2 54. Qh8+ Kxg6 55. Qg8+ Kf5 56. Qd5+ Kg4 57. Qf3+ Kh4 58.
Qh1+ Kg3 59. Qg1+ Kf4 60. Qd4+ Kf5 61. Qd5+ Kg6 62. Qg8+ Kh5 63. Qh8+ Kg6 64.
Qg8+ Kh5 65. Qh8+ Kg6 66. Qg8+ 1/2-1/2

[Event "98th DEN-ch"]
[Site "Svendborg DEN"]
[Date "2019.04.13"]
[Round "1"]
[White "Hansen, Sune Berg"]
[Black "Rasmussen, Allan Stig"]
[WhiteElo "2590"]
[BlackElo "2541"]
[Result "1-0"]
[EventDate "2019.04.13"]
[PlyCount "79"]

1. e4 c5 2. Nf3 e6 3. c4 Nc6 4. d4 cxd4 5. Nxd4 Nf6 6. Nc3 Bb4 7. Nxc6 dxc6 8.
Qxd8+ Kxd8 9. e5 Nd7 10. Bf4 Bxc3+ 11. bxc3 Kc7 12. h4 a5 13. Rh3 a4 14. O-O-O
Ra5 15. Re1 h5 16. Rg3 g6 17. Bg5 Rh7 18. Rd3 b6 19. Be7 f6 20. exf6 Rf5 21.
Rd2 Nxf6 22. Bd6+ Kb7 23. Bd3 Ra5 24. g3 e5 25. Bxg6 Rg7 26. Bc2 e4 27. Bf4 Rf7
28. Rd6 Bf5 29. Re2 Ng4 30. Rd4 Nf6 31. Rd8 Bg4 32. Red2 Rc5 33. Rb8+ Ka7 34.
Rdd8 Nd7 35. Ra8+ Kb7 36. Rxa4 Rxf4 37. gxf4 Kc7 38. Re8 Nf6 39. Re5 Kd6 40.
Rb4 1-0

[Event "98th DEN-ch"]
[Site "Svendborg DEN"]
[Date "2019.04.13"]
[Round "1"]
[White "Teplyi, Igor"]
[Black "Ochsner, Bjoern Moeller"]
[WhiteElo "2418"]
[BlackElo "2486"]
[Result "1/2-1/2"]
[EventDate "2019.04.13"]
[PlyCount "25"]

1. c4 c5 2. Nf3 Nc6 3. Nc3 g6 4. e3 Nf6 5. d4 cxd4 6. exd4 d5 7. cxd5 Nxd5 8.
Qb3 e6 9. Bg5 Be7 10. Bh6 Bf8 11. Bg5 Be7 12. Bh6 Bf8 13. Bg5 1/2-1/2

[Event "98th DEN-ch"]
[Site "Svendborg DEN"]
[Date "2019.04.13"]
[Round "1"]
[White "Thybo, Jesper Soendergaard"]
[Black "Bjerre, Jonas Buhl"]
[WhiteElo "2513"]
[BlackElo "2470"]
[Result "1/2-1/2"]
[EventDate "2019.04.13"]
[PlyCount "67"]

1. d4 Nf6 2. c4 e6 3. Nf3 Bb4+ 4. Bd2 a5 5. g3 b6 6. Bg2 Bb7 7. O-O O-O 8. Bf4
Be7 9. Nc3 Ne4 10. Nb5 c6 11. Nc7 Ra7 12. Qb3 d6 13. c5 Qxc7 14. cxb6 a4 15.
bxc7 axb3 16. cxb8=Q Rxb8 17. axb3 Rba8 18. Rxa7 Rxa7 19. Rc1 Ra6 20. Ne1 d5
21. Nd3 Rb6 22. f3 Nd6 23. Nc5 Nf5 24. Nxb7 Rxb7 25. Rxc6 h5 26. Be5 Bf6 27. e4
Bxe5 28. dxe5 dxe4 29. f4 Rxb3 30. Rc8+ Kh7 31. Bxe4 Rxb2 32. Rc7 Kg8 33. Rc8+
Kh7 34. Rc7 1/2-1/2

[Event "98th DEN-ch"]
[Site "Svendborg DEN"]
[Date "2019.04.14"]
[Round "2"]
[White "Aabling-Thomsen, Jakob"]
[Black "Ochsner, Bjoern Moeller"]
[WhiteElo "2358"]
[BlackElo "2486"]
[Result "0-1"]
[EventDate "2019.04.13"]
[PlyCount "74"]

1. c4 e5 2. g3 Nc6 3. Bg2 Bc5 4. Nc3 d6 5. e3 a6 6. Nge2 Ba7 7. a3 h5 8. b4 h4
9. Bb2 h3 10. Bf3 f5 11. d3 g5 12. Rf1 Nce7 13. Qc2 Nf6 14. O-O-O Ng6 15. Kb1
Qe7 16. Nc1 c6 17. Nb3 Be6 18. Be2 d5 19. c5 Ng4 20. Bxg4 fxg4 21. Nd2 O-O 22.
Ne2 Rf7 23. f3 gxf3 24. Rxf3 Rxf3 25. Nxf3 Bg4 26. Neg1 Rf8 27. Rf1 Bb8 28. Qc1
e4 29. Nd2 exd3 30. Rxf8+ Kxf8 31. Qc3 Qe5 32. Ngf3 Qxc3 33. Bxc3 Bxf3 34. Nxf3
g4 35. Ne1 Bxg3 36. Nxd3 Bxh2 37. Nf2 Be5 0-1

[Event "98th DEN-ch"]
[Site "Svendborg DEN"]
[Date "2019.04.14"]
[Round "2"]
[White "Antonsen, Mikkel"]
[Black "Thybo, Jesper Soendergaard"]
[WhiteElo "2426"]
[BlackElo "2513"]
[Result "1/2-1/2"]
[EventDate "2019.04.13"]
[PlyCount "81"]

1. c4 Nf6 2. Nc3 e5 3. Nf3 Nc6 4. e3 Bb4 5. Qc2 Bxc3 6. bxc3 e4 7. Ng5 Qe7 8.
f3 exf3 9. Nxf3 b6 10. Be2 Bb7 11. O-O O-O 12. Rb1 Rae8 13. Rb5 Ne4 14. Nd4 Ne5
15. Nf5 Qg5 16. d3 Nxc3 17. e4 Nxe2+ 18. Qxe2 Qg6 19. Rb3 Qe6 20. Nd4 Qg6 21.
Nf5 Ng4 22. h3 Nf6 23. Bb2 Re6 24. e5 d5 25. Qf3 Nd7 26. d4 dxc4 27. Qxb7 cxb3
28. Qxc7 Nb8 29. d5 Ree8 30. axb3 Qg5 31. Bc1 Qd8 32. Qxd8 Rxd8 33. Ba3 Rfe8
34. Ne7+ Rxe7 35. Bxe7 Rc8 36. b4 Nd7 37. Bd6 h6 38. Ra1 Re8 39. Rxa7 Nxe5 40.
Bc7 Nc4 41. d6 1/2-1/2

[Event "98th DEN-ch"]
[Site "Svendborg DEN"]
[Date "2019.04.14"]
[Round "2"]
[White "Bjerre, Jonas Buhl"]
[Black "Hansen, Sune Berg"]
[WhiteElo "2470"]
[BlackElo "2590"]
[Result "1-0"]
[EventDate "2019.04.13"]
[PlyCount "137"]

1. e4 c5 2. Nf3 d6 3. d4 cxd4 4. Nxd4 Nf6 5. Nc3 a6 6. Be3 e5 7. Nb3 Be6 8. f3
h5 9. Nd5 Bxd5 10. exd5 Nbd7 11. Qd2 g6 12. Be2 Bg7 13. O-O b6 14. c4 O-O 15.
Rab1 Re8 16. Na1 e4 17. f4 Ng4 18. Bxg4 hxg4 19. Nc2 f5 20. Nd4 Bxd4 21. Bxd4
a5 22. Qe3 Re7 23. Qa3 Qc7 24. Rbc1 Rae8 25. Qg3 e3 26. h3 Re4 27. Bc3 e2 28.
Rfe1 Nf8 29. Qh4 Qh7 30. Qxh7+ Kxh7 31. hxg4 Rxf4 32. gxf5 gxf5 33. Rc2 Rxc4
34. Rcxe2 Ree4 35. Rxe4 fxe4 36. Kf2 Ng6 37. Ke3 Ne7 38. Rd1 Nf5+ 39. Kf4 Kg6
40. g4 e3+ 41. Kf3 Ne7 42. Bd4 Rb4 43. Kxe3 Nxd5+ 44. Kf3 Kf7 45. a3 Rb3+ 46.
Ke4 Ne7 47. Bc3 Ke6 48. Rh1 Rb5 49. Rh6+ Kd7 50. Rh5 d5+ 51. Ke5 Rc5 52. Rh7
Ke8 53. Rh6 b5 54. Rb6 d4+ 55. Kxd4 Rc4+ 56. Kd3 Rxg4 57. Rxb5 a4 58. Rb4 Rxb4
59. Bxb4 Nd5 60. Kd4 Nf4 61. Kc4 Kd7 62. Bd2 Ng6 63. Bc3 Nf4 64. Be5 Ne2 65.
Bh2 Kc6 66. Kb4 Nc1 67. Kxa4 Nd3 68. b4 Nc5+ 69. bxc5 1-0

[Event "98th DEN-ch"]
[Site "Svendborg DEN"]
[Date "2019.04.14"]
[Round "2"]
[White "Rasmussen, Allan Stig"]
[Black "Chatalbashev, Boris"]
[WhiteElo "2541"]
[BlackElo "2521"]
[Result "1-0"]
[EventDate "2019.04.13"]
[PlyCount "65"]

1. e4 g6 2. d4 Bg7 3. Nc3 d5 4. exd5 Nf6 5. Bc4 Nbd7 6. Bg5 O-O 7. Bb3 Nb6 8.
Bxf6 exf6 9. Qf3 a5 10. a4 c5 11. dxc5 Nd7 12. c6 bxc6 13. dxc6 Ne5 14. Qd5 Qe8
15. O-O-O Be6 16. Qd6 Bxb3 17. cxb3 Ra6 18. Nge2 Rxc6 19. Qd5 Qc8 20. h3 Rc5
21. Qd6 Rc6 22. Qd5 Rc5 23. Qd6 Rc6 24. Qd2 Rb6 25. Qd5 Nc6 26. Kb1 Re8 27. Nd4
Nxd4 28. Rxd4 f5 29. Rd3 Bf6 30. Rc1 Qb8 31. Nb5 Qf4 32. Nd6 Rf8 33. Rc8 1-0

[Event "98th DEN-ch"]
[Site "Svendborg DEN"]
[Date "2019.04.17"]
[Round "5"]
[White "Chatalbashev, Boris"]
[Black "Thybo, Jesper Soendergaard"]
[WhiteElo "2521"]
[BlackElo "2513"]
[Result "0-1"]
[EventDate "2019.04.13"]
[PlyCount "62"]

1. d4 Nf6 2. c4 e6 3. Nc3 Bb4 4. Nf3 d5 5. Bg5 h6 6. Bxf6 Qxf6 7. Qa4+ Nc6 8.
e3 O-O 9. Be2 Bd7 10. Qb3 dxc4 11. Qxc4 Qg6 12. O-O Bd6 13. Nh4 Qc2 14. Rfc1
Qxb2 15. Rab1 Qa3 16. Nb5 Qa5 17. Nxd6 cxd6 18. Rxb7 Rac8 19. Rbb1 Nb4 20. Qb3
Nxa2 21. Rxc8 Rxc8 22. Qb7 Qd8 23. Ba6 Nc3 24. Rb3 Nb5 25. h3 Rc1+ 26. Kh2 Bc6
27. Qc8 Qxc8 28. Bxc8 a5 29. Ba6 a4 30. Rb4 Nc3 31. Bd3 g5 0-1

[Event "98th DEN-ch"]
[Site "Svendborg DEN"]
[Date "2019.04.17"]
[Round "5"]
[White "Hansen, Sune Berg"]
[Black "Aabling-Thomsen, Jakob"]
[WhiteElo "2590"]
[BlackElo "2358"]
[Result "1/2-1/2"]
[EventDate "2019.04.13"]
[PlyCount "87"]

1. d4 Nf6 2. Nf3 g6 3. g3 Bg7 4. Bg2 O-O 5. O-O d6 6. a4 a5 7. Re1 Nc6 8. d5
Nb4 9. e4 e6 10. c3 Na6 11. dxe6 Bxe6 12. Nd4 Bg4 13. f3 Bd7 14. Be3 Re8 15.
Bf2 Qc8 16. Nb5 Bh3 17. Bh1 Nd7 18. Nd2 Ne5 19. Nb3 Nb8 20. N3d4 Nbd7 21. Ne2
g5 22. Ned4 Nc5 23. Be3 h6 24. Qc2 Nc4 25. Bf2 c6 26. Na3 Nxa3 27. Rxa3 d5 28.
exd5 Rxe1+ 29. Bxe1 cxd5 30. Bf2 Ne6 31. Nf5 Bxf5 32. Qxf5 d4 33. f4 dxc3 34.
bxc3 gxf4 35. gxf4 Qc7 36. Rb3 Rd8 37. Bf3 Qxf4 38. Qxf4 Nxf4 39. Bg3 Rd3 40.
Kf2 Nh3+ 41. Ke2 Rxc3 42. Rxc3 Bxc3 43. Bxb7 Ng5 44. Bf4 1/2-1/2

[Event "98th DEN-ch"]
[Site "Svendborg DEN"]
[Date "2019.04.17"]
[Round "5"]
[White "Ochsner, Bjoern Moeller"]
[Black "Bjerre, Jonas Buhl"]
[WhiteElo "2486"]
[BlackElo "2470"]
[Result "0-1"]
[EventDate "2019.04.13"]
[PlyCount "116"]

1. e4 c5 2. Nf3 d6 3. d4 cxd4 4. Nxd4 Nf6 5. Nc3 a6 6. g3 e5 7. Nde2 Be7 8. Bg2
b5 9. Nd5 Nbd7 10. Nec3 Nb6 11. Nxe7 Qxe7 12. Bg5 b4 13. Nb1 h6 14. Bxf6 Qxf6
15. a3 bxa3 16. Rxa3 O-O 17. O-O Be6 18. b3 Rfd8 19. Nc3 Qe7 20. Qa1 Rdc8 21.
Re1 Qc7 22. Re3 a5 23. Bf1 Qc5 24. Ra2 Bd7 25. Rd3 Qb4 26. Qb2 Rc7 27. Nb1 Qxe4
28. Nd2 Qg6 29. Bg2 Rac8 30. Qa3 d5 31. Qxa5 Rxc2 32. Rxc2 Rxc2 33. Re3 Rc1+
34. Nf1 Qd6 35. Qd2 Rc8 36. f4 exf4 37. gxf4 Qc5 38. Kh1 Bb5 39. Qf2 Nd7 40.
Nd2 Nf6 41. h3 Kh7 42. Kg1 Qb4 43. Nf1 Rc1 44. Kh2 Qc5 45. Rf3 Qxf2 46. Rxf2
Ne4 47. Bxe4+ dxe4 48. Kg2 Rc3 49. Rb2 Rf3 50. Ng3 Rxf4 51. Rf2 g5 52. Rc2 Kg6
53. Rc5 Bd3 54. b4 h5 55. b5 h4 56. b6 e3 57. Rc6+ f6 58. Rc3 Ba6 0-1

[Event "98th DEN-ch"]
[Site "Svendborg DEN"]
[Date "2019.04.17"]
[Round "5"]
[White "Olsen, Filip Boe"]
[Black "Rasmussen, Allan Stig"]
[WhiteElo "2414"]
[BlackElo "2541"]
[Result "0-1"]
[EventDate "2019.04.13"]
[PlyCount "74"]

1. d4 Nf6 2. c4 e6 3. Nc3 Bb4 4. Qc2 b6 5. e4 c5 6. d5 Qe7 7. Nge2 exd5 8. exd5
O-O 9. Bg5 h6 10. Bh4 d6 11. O-O-O Nbd7 12. a3 Ba5 13. Ng3 Qe5 14. Nf5 g6 15.
Ne3 Bxc3 16. Qxc3 Qxc3+ 17. bxc3 Re8 18. Bd3 Kg7 19. Rhe1 Ne5 20. Bc2 Nh5 21.
Ba4 Bd7 22. Bxd7 Nxd7 23. g4 Nhf6 24. f4 a6 25. a4 Ne4 26. Kc2 b5 27. a5 b4 28.
cxb4 cxb4 29. f5 Ndc5 30. Bg3 b3+ 31. Kb2 Nxg3 32. hxg3 Re4 33. fxg6 fxg6 34.
Ng2 Rxc4 35. Nf4 Rc2+ 36. Ka1 Na4 37. Re2 Rac8 0-1

[Event "98th DEN-ch"]
[Site "Svendborg DEN"]
[Date "2019.04.17"]
[Round "5"]
[White "Teplyi, Igor"]
[Black "Antonsen, Mikkel"]
[WhiteElo "2418"]
[BlackElo "2426"]
[Result "1/2-1/2"]
[EventDate "2019.04.13"]
[PlyCount "101"]

1. c4 e6 2. Nf3 d5 3. e3 Nf6 4. Nc3 b6 5. b3 Bb7 6. Bb2 a6 7. d4 Bd6 8. Bd3 O-O
9. O-O Nbd7 10. Rc1 Ne4 11. Ne2 Qe7 12. Ng3 Nxg3 13. hxg3 c5 14. cxd5 exd5 15.
dxc5 bxc5 16. Qc2 g6 17. Rfe1 f6 18. e4 d4 19. b4 cxb4 20. Nxd4 Ne5 21. Be2 Kh8
22. f4 Rac8 23. Qb3 Rxc1 24. Rxc1 Nd7 25. e5 fxe5 26. Nf3 Bxf3 27. Bxf3 Bc5+
28. Kf1 Bd4 29. Bxd4 exd4 30. Qd5 Nf6 31. Qxd4 Rd8 32. Qb2 Kg8 33. Re1 Qf7 34.
Qxb4 Qxa2 35. Qe7 Rf8 36. Qc5 Kg7 37. g4 h6 38. Kg1 Ng8 39. Qd4+ Kh7 40. Bd5
Qa5 41. Bxg8+ Kxg8 42. Re6 Qc7 43. Rxg6+ Kh7 44. Rf6 Rxf6 45. Qxf6 a5 46. g5
hxg5 47. Qf5+ Kh8 48. Qxg5 Qa7+ 49. Kf1 a4 50. Qf6+ Kg8 51. Qg6+ 1/2-1/2

[Event "98th DEN-ch"]
[Site "Svendborg DEN"]
[Date "2019.04.19"]
[Round "7"]
[White "Chatalbashev, Boris"]
[Black "Aabling-Thomsen, Jakob"]
[WhiteElo "2521"]
[BlackElo "2358"]
[Result "1-0"]
[EventDate "2019.04.13"]
[PlyCount "47"]

1. d4 Nf6 2. c4 g6 3. Nc3 Bg7 4. e4 d6 5. Be2 O-O 6. Bg5 c5 7. d5 e6 8. Qd2
exd5 9. exd5 Qb6 10. Nf3 Bf5 11. Nh4 Ne4 12. Nxe4 Bxe4 13. f3 h6 14. Bxh6 Bxh6
15. Qxh6 Qxb2 16. O-O Bc2 17. Rac1 Nd7 18. Rf2 Ba4 19. Bd1 Qa3 20. Bxa4 Qxa4
21. f4 Nf6 22. Nf5 gxf5 23. Qg5+ Kh7 24. Rf3 1-0

[Event "98th DEN-ch"]
[Site "Svendborg DEN"]
[Date "2019.04.19"]
[Round "7"]
[White "Olsen, Filip Boe"]
[Black "Antonsen, Mikkel"]
[WhiteElo "2414"]
[BlackElo "2426"]
[Result "1/2-1/2"]
[EventDate "2019.04.13"]
[PlyCount "60"]

1. d4 Nf6 2. c4 e6 3. Nc3 d5 4. cxd5 Nxd5 5. e4 Nxc3 6. bxc3 c5 7. Nf3 cxd4 8.
cxd4 Bb4+ 9. Bd2 Bxd2+ 10. Qxd2 O-O 11. Bc4 Nd7 12. O-O b6 13. Qf4 Bb7 14. Rad1
Rc8 15. Bd3 Rc3 16. d5 exd5 17. exd5 Qf6 18. Qe4 g6 19. Bb5 Nc5 20. Qd4 Qxd4
21. Nxd4 Rd8 22. Nc6 Rd6 23. Nxa7 Rxd5 24. Rxd5 Bxd5 25. Nc8 Bxa2 26. Nxb6 Be6
27. Na4 Nxa4 28. Bxa4 Kg7 29. Re1 Ra3 30. Bc6 Rc3 1/2-1/2

[Event "98th DEN-ch"]
[Site "Svendborg DEN"]
[Date "2019.04.20"]
[Round "8"]
[White "Aabling-Thomsen, Jakob"]
[Black "Bjerre, Jonas Buhl"]
[WhiteElo "2358"]
[BlackElo "2470"]
[Result "0-1"]
[EventDate "2019.04.13"]
[PlyCount "124"]

1. c4 e5 2. g3 Nc6 3. Bg2 Bc5 4. Nc3 d6 5. a3 a6 6. e3 Ba7 7. Nf3 Bg4 8. h3 Bh5
9. O-O Nge7 10. b4 O-O 11. Bb2 f5 12. d3 f4 13. exf4 Bxf3 14. Bxf3 exf4 15. g4
Bd4 16. Rb1 Ng6 17. Ne2 Bxb2 18. Rxb2 Qh4 19. d4 Qxh3 20. Rb3 Qh4 21. Nc3 Rae8
22. Nd5 Qd8 23. b5 Na5 24. Rc3 Nh4 25. bxa6 bxa6 26. Nb4 Qc8 27. c5 Rf6 28.
Bd5+ Kh8 29. f3 c6 30. cxd6 Rxd6 31. Re1 Red8 32. Qe2 Qd7 33. Be6 Qa7 34. Nc2
Re8 35. Qf2 Ng6 36. Bf5 Rf8 37. Re4 Qb6 38. Nb4 Nb7 39. d5 c5 40. Bxg6 Rxg6 41.
Nc6 Rg5 42. Ne7 Qf6 43. Rb3 Na5 44. Re6 Qf7 45. Rbb6 Nc4 46. Rxa6 Ne5 47. Kf1
Nxg4 48. fxg4 Rxg4 49. Qh2 f3 50. Ng6+ Rxg6 51. Rxg6 Qxd5 52. Rgd6 Qc4+ 53. Kg1
Qc1+ 54. Kf2 Qb2+ 55. Kg3 Qe5+ 56. Kh3 Qf5+ 57. Kh4 f2 58. Rd1 Qe4+ 59. Kh3
Qf3+ 60. Kh4 Rf4+ 61. Qxf4 Qxf4+ 62. Kh5 g6+ 0-1

[Event "98th DEN-ch"]
[Site "Svendborg DEN"]
[Date "2019.04.20"]
[Round "8"]
[White "Antonsen, Mikkel"]
[Black "Rasmussen, Allan Stig"]
[WhiteElo "2426"]
[BlackElo "2541"]
[Result "0-1"]
[EventDate "2019.04.13"]
[PlyCount "52"]

1. d4 f5 2. Bg5 g6 3. Nc3 Bg7 4. h4 h6 5. Bf4 Nf6 6. Nf3 d6 7. Qd3 O-O 8. e4
Nc6 9. exf5 Bxf5 10. Qd2 Kh7 11. d5 Nb4 12. O-O-O c6 13. Nd4 Qb6 14. Be3 c5 15.
Nxf5 Ne4 16. Nxg7 Nxd2 17. Ne6 Nxf1 18. Nxf8+ Rxf8 19. Rhxf1 Qa5 20. Kb1 b5 21.
Rfe1 Nxc2 22. Kxc2 b4 23. Bd2 bxc3 24. Rxe7+ Kg8 25. Bxc3 Qa4+ 26. b3 Rxf2+ 0-1

[Event "98th DEN-ch"]
[Site "Svendborg DEN"]
[Date "2019.04.20"]
[Round "8"]
[White "Chatalbashev, Boris"]
[Black "Teplyi, Igor"]
[WhiteElo "2521"]
[BlackElo "2418"]
[Result "1-0"]
[EventDate "2019.04.13"]
[PlyCount "119"]

1. d4 Nf6 2. c4 e6 3. Nf3 d5 4. Nc3 Bb4 5. Bg5 h6 6. Bxf6 Qxf6 7. Qa4+ Nc6 8.
e3 O-O 9. Rc1 Qg6 10. Qc2 Qxc2 11. Rxc2 Rd8 12. a3 Bf8 13. cxd5 exd5 14. Bd3
Ne7 15. Ne5 c6 16. Ke2 Bf5 17. g4 Bxd3+ 18. Nxd3 Nc8 19. h4 h5 20. gxh5 Rd6 21.
Nf4 Rh6 22. Kf3 Bd6 23. Nce2 Bxf4 24. Nxf4 Nd6 25. Rcc1 Kf8 26. Rhg1 a5 27. Rg2
Ra6 28. Rcg1 Ne8 29. Rg5 Rb6 30. b4 axb4 31. axb4 Rxb4 32. Ra1 Nc7 33. Nd3 Rb5
34. Nc5 f6 35. Rf5 Ne8 36. Ra8 Ke7 37. Kg4 Nd6 38. Rf3 Ne4 39. Nxe4 dxe4 40.
Rf4 Kf7 41. Rb8 Rbxh5 42. Rxb7+ Kg8 43. Rc7 Rxh4+ 44. Kf5 Rxf4+ 45. Kxf4 Rh4+
46. Kf5 Rh2 47. Rxc6 Rxf2+ 48. Ke6 Ra2 49. Rc8+ Kh7 50. d5 Kg6 51. d6 Ra6 52.
Kd5 Kf5 53. d7 Ra3 54. d8=Q Rd3+ 55. Kc4 Rxd8 56. Rxd8 Kg4 57. Kd4 f5 58. Rf8
g6 59. Rf6 g5 60. Rf8 1-0

[Event "98th DEN-ch"]
[Site "Svendborg DEN"]
[Date "2019.04.20"]
[Round "8"]
[White "Hansen, Sune Berg"]
[Black "Ochsner, Bjoern Moeller"]
[WhiteElo "2590"]
[BlackElo "2486"]
[Result "1-0"]
[EventDate "2019.04.13"]
[PlyCount "175"]

1. d4 Nf6 2. c4 e6 3. Nc3 Bb4 4. e3 d5 5. Bd3 O-O 6. Nge2 dxc4 7. Bxc4 c5 8. a3
Bxc3+ 9. bxc3 Qc7 10. Ba2 b6 11. O-O Bb7 12. Bb2 Rd8 13. c4 Nc6 14. Rc1 cxd4
15. exd4 Ng4 16. Ng3 Qf4 17. d5 Ne7 18. Qe2 Nf5 19. Rcd1 Nxg3 20. hxg3 Qg5 21.
Rd4 f5 22. Qxe6+ Kh8 23. Qf7 Ba6 24. Bc1 Qf6 25. Qxf6 Nxf6 26. Bg5 Rac8 27. Re1
Rd7 28. Bxf6 gxf6 29. Re6 Kg7 30. Rf4 Rf7 31. f3 Rc5 32. a4 Rfc7 33. Re3 Bc8
34. Bb3 Kf7 35. Rh4 Kg6 36. Re8 Ba6 37. Kf2 Bxc4 38. d6 Bxb3 39. dxc7 Rxc7 40.
Rb4 Bf7 41. Re2 Rd7 42. Ke3 Re7+ 43. Kd3 Rc7 44. Rc2 Rd7+ 45. Ke3 Re7+ 46. Kf4
Rd7 47. Ke3 Re7+ 48. Kd3 Rd7+ 49. Rd4 Re7 50. Kd2 Be8 51. Rc8 Bf7 52. Rcd8 Be8
53. R8d6 Kg5 54. R6d5 Kg6 55. Rd8 Kg7 56. Rc8 Bf7 57. Rc3 Kg6 58. Re3 Rb7 59.
Red3 Be8 60. Ke3 Kg5 61. Rc3 Re7+ 62. Kd2 Bf7 63. Rc8 Kg6 64. Rcd8 Be8 65. g4
fxg4 66. Rxg4+ Kf7 67. Rh4 Kg7 68. Rhd4 Kg6 69. R8d6 Kg7 70. Rf4 Rc7 71. Ke3
Re7+ 72. Kf2 Rc7 73. Kg3 Re7 74. Kh4 Bd7 75. Rdd4 Bc6 76. Rc4 Bd5 77. Rc8 Bf7
78. Rg4+ Bg6 79. Rgc4 Kh6 80. R8c7 Re2 81. g4 a6 82. R4c6 Rh2+ 83. Kg3 Ra2 84.
Rxf6 Rxa4 85. f4 Ra1 86. g5+ Kh5 87. Rxh7+ Bxh7 88. Rh6# 1-0

[Event "98th DEN-ch"]
[Site "Svendborg DEN"]
[Date "2019.04.20"]
[Round "8"]
[White "Thybo, Jesper Soendergaard"]
[Black "Olsen, Filip Boe"]
[WhiteElo "2513"]
[BlackElo "2414"]
[Result "1/2-1/2"]
[EventDate "2019.04.13"]
[PlyCount "159"]

1. c4 c6 2. Nf3 d5 3. e3 Nf6 4. Nc3 Nbd7 5. Qc2 e6 6. b3 b6 7. Bb2 Bb7 8. Be2
c5 9. cxd5 exd5 10. d4 Bd6 11. O-O O-O 12. Rfd1 Rc8 13. Bf1 Re8 14. g3 Ne4 15.
dxc5 Bxc5 16. Nxe4 dxe4 17. Nh4 Be7 18. Qe2 Bxh4 19. Qg4 Ne5 20. Bxe5 Qg5 21.
Qxh4 Qxe5 22. Rac1 Rxc1 23. Rxc1 h6 24. Qg4 Rd8 25. Qf4 Qxf4 26. gxf4 Rd7 27.
h4 Kf8 28. Bh3 Re7 29. Kg2 g6 30. f5 Kg7 31. fxg6 fxg6 32. Kg3 Kf6 33. Rd1 Ke5
34. Rd8 Bd5 35. Rh8 h5 36. Rd8 Bf7 37. Bd7 Kd6 38. Bb5+ Ke5 39. Bd7 Kd6 40.
Bb5+ Ke5 41. Rc8 Bd5 42. Rc2 Rg7 43. Be2 Rf7 44. b4 Rf6 45. Bb5 Rf3+ 46. Kg2
Rf7 47. a3 Be6 48. Be2 Rg7 49. Kg3 g5 50. Bxh5 gxh4+ 51. Kxh4 Rh7 52. Kg5 Rg7+
53. Kh4 Rh7 54. Kg5 Rg7+ 55. Kh6 Rg1 56. Rc7 Rh1 57. Rg7 Rh2 58. Rxa7 Bg4 59.
Kg5 Bxh5 60. Rh7 Rg2+ 61. Kxh5 Rh2+ 62. Kg6 Rxf2 63. Rh5+ Kd6 64. Rb5 Rf3 65.
Rxb6+ Kc7 66. Ra6 Kb7 67. Ra5 Rxe3 68. Kf5 Re1 69. Kf4 Kc6 70. Re5 Ra1 71. Ra5
Re1 72. Re5 Ra1 73. Rc5+ Kd6 74. Rc3 Kd5 75. Ke3 Re1+ 76. Kd2 Ra1 77. Kc2 Kd4
78. Rh3 e3 79. Rh4+ Kd5 80. Kd3 1/2-1/2

[Event "98th DEN-ch"]
[Site "Svendborg DEN"]
[Date "2019.04.21"]
[Round "9"]
[White "Olsen, Filip Boe"]
[Black "Hansen, Sune Berg"]
[WhiteElo "2414"]
[BlackElo "2590"]
[Result "0-1"]
[EventDate "2019.04.13"]
[PlyCount "84"]

1. d4 d6 2. Nf3 g6 3. g3 Bg7 4. Bg2 Nf6 5. O-O O-O 6. c4 Nbd7 7. Nc3 e5 8. e4
exd4 9. Nxd4 Re8 10. Be3 Ne5 11. b3 Nfg4 12. Bc1 Nc6 13. Nde2 a5 14. Bb2 Bd7
15. h3 Nf6 16. f4 Nxe4 17. Bxe4 Rxe4 18. Nxe4 Bxb2 19. Rb1 Bg7 20. Nf2 a4 21.
Qd2 axb3 22. axb3 Ra3 23. g4 b6 24. Rfe1 h6 25. Kh2 Qa8 26. Qe3 Ra2 27. Kg3 Qd8
28. b4 h5 29. Rb3 Bf6 30. g5 Ne7 31. Kh2 Nf5 32. Qe4 Bg7 33. b5 Be6 34. Rd3 Qb8
35. Kg1 Ra4 36. Rc1 Kh7 37. Qc6 Qa7 38. Ne4 Ra3 39. Rxa3 Qxa3 40. Rc3 Qa2 41.
Kf1 Nd4 42. Nxd4 Bxd4 0-1

[Event "98th DEN-ch"]
[Site "Svendborg DEN"]
[Date "2019.04.21"]
[Round "9"]
[White "Rasmussen, Allan Stig"]
[Black "Thybo, Jesper Soendergaard"]
[WhiteElo "2541"]
[BlackElo "2513"]
[Result "1/2-1/2"]
[EventDate "2019.04.13"]
[PlyCount "128"]

1. c4 e5 2. Nc3 Nf6 3. Nf3 Nc6 4. g3 d5 5. cxd5 Nxd5 6. Bg2 Nb6 7. a3 g6 8. d3
Bg7 9. O-O O-O 10. Bg5 f6 11. Be3 f5 12. Rc1 h6 13. b4 Kh7 14. Bc5 Re8 15. e4
f4 16. b5 Ne7 17. d4 exd4 18. Nxd4 Ng8 19. gxf4 Nd7 20. Nd5 Ngf6 21. Bb4 Nxd5
22. exd5 Nf8 23. Qd3 a5 24. bxa6 Rxa6 25. Nb5 Bf5 26. Qd2 c5 27. dxc6 bxc6 28.
Nd6 Re6 29. Rfd1 Qh4 30. Nxf5 gxf5 31. Qd3 c5 32. Rxc5 Rg6 33. Rxf5 Qg4 34. Qd5
Ne6 35. h3 Qxh3 36. Rf7 Nxf4 37. Rxf4 Rxg2+ 38. Qxg2 Rg6 39. Qxg6+ Kxg6 40. Re1
Qd7 41. Rf3 Bf6 42. Rg3+ Kf7 43. Ree3 h5 44. Rd3 Qc8 45. Rgf3 Kg7 46. Rd5 h4
47. Rdf5 Qc1+ 48. Kg2 Bd8 49. Bc3+ Kg6 50. Rd5 Bg5 51. a4 Qc2 52. Rd4 Kh5 53.
Rfd3 Qb1 54. Rd5 Kg6 55. a5 h3+ 56. Kxh3 Qh1+ 57. Kg3 Qg1+ 58. Kf3 Qh1+ 59. Ke2
Qe4+ 60. Kd1 Qa4+ 61. Ke1 Qe4+ 62. Kf1 Qh1+ 63. Ke2 Qe4+ 64. Kf1 Qh1+ 1/2-1/2

[Event "98th DEN-ch"]
[Site "Svendborg DEN"]
[Date "2019.04.21"]
[Round "9"]
[White "Teplyi, Igor"]
[Black "Aabling-Thomsen, Jakob"]
[WhiteElo "2418"]
[BlackElo "2358"]
[Result "1/2-1/2"]
[EventDate "2019.04.13"]
[PlyCount "117"]

1. d4 g6 2. c4 Bg7 3. Nc3 d6 4. e4 e5 5. d5 f5 6. exf5 gxf5 7. Qh5+ Kf8 8. Qd1
Qe8 9. Qc2 Nf6 10. g3 a5 11. Nf3 Na6 12. a3 e4 13. Nh4 Nc5 14. Be3 Ng4 15. Bxc5
dxc5 16. Be2 Ne5 17. O-O-O Ra6 18. Kb1 Bd7 19. Ka2 Rb6 20. Rb1 a4 21. Rhe1 Ng6
22. f3 Nxh4 23. gxh4 e3 24. Bd3 Qe5 25. f4 Qd4 26. Ne2 Qf6 27. Ng3 Rb3 28. Nh5
Qd4 29. Bxf5 Be8 30. Nxg7 Qxg7 31. Rg1 Qf6 32. Qe4 e2 33. Qe5 Qxe5 34. fxe5 Re3
35. Rbe1 Rxe5 36. Bg4 Rg8 37. Rg3 Re4 38. Bf5 Rxc4 39. Rxe2 Bf7 40. Be6 Bxe6
41. Rxe6 Rxg3 42. hxg3 Rd4 43. Rh6 Kg7 44. Re6 Kf7 45. Rh6 Kg7 46. Re6 Kf7 47.
Re5 b5 48. Re6 Rxd5 49. Rc6 h5 50. Kb1 Rf5 51. Rxc7+ Ke6 52. Rb7 c4 53. Rb6+
Kd7 54. Rg6 Rf1+ 55. Ka2 Rf2 56. Kb1 Rf1+ 57. Kc2 Rf2+ 58. Kc3 Rf3+ 59. Kc2 {}
1/2-1/2